|
|
|
|
| LEADER |
01379nam a2200373Ia 4500 |
| 001 |
EBC3301150 |
| 003 |
MiAaPQ |
| 005 |
20200520144314.0 |
| 006 |
m o d | |
| 007 |
cr cn||||||||| |
| 008 |
120403s2012 mau sb 001 0 eng d |
| 010 |
|
|
|z 2012009690
|
| 020 |
|
|
|z 9780674066410 (hbk. : alk. paper)
|
| 020 |
|
|
|z 9780674067714
|
| 035 |
|
|
|a (MiAaPQ)EBC3301150
|
| 035 |
|
|
|a (Au-PeEL)EBL3301150
|
| 035 |
|
|
|a (CaPaEBR)ebr10614391
|
| 035 |
|
|
|a (OCoLC)815276603
|
| 040 |
|
|
|a MiAaPQ
|c MiAaPQ
|d MiAaPQ
|
| 050 |
|
4 |
|a HC79.C63
|b T78 2012
|
| 082 |
0 |
4 |
|a 381.3/4
|2 23
|
| 100 |
1 |
|
|a Trumbull, Gunnar.
|
| 245 |
1 |
0 |
|a Strength in numbers
|h [electronic resource] :
|b the political power of weak interests /
|c Gunnar Trumbull.
|
| 260 |
|
|
|a Cambridge, Mass. :
|b Harvard University Press,
|c 2012.
|
| 300 |
|
|
|a 256 p.
|
| 504 |
|
|
|a Includes bibliographical references and index.
|
| 533 |
|
|
|a Electronic reproduction. Ann Arbor, MI : ProQuest, 2015. Available via World Wide Web. Access may be limited to ProQuest affiliated libraries.
|
| 650 |
|
0 |
|a Consumer protection.
|
| 650 |
|
0 |
|a Trade regulation.
|
| 650 |
|
0 |
|a Consumption (Economics)
|x Political aspects.
|
| 650 |
|
0 |
|a Consumers
|x Political activity.
|
| 655 |
|
4 |
|a Electronic books.
|
| 710 |
2 |
|
|a ProQuest (Firm)
|
| 856 |
4 |
0 |
|u https://ebookcentral.proquest.com/lib/matrademy/detail.action?docID=3301150
|z Click to View
|